चारधाम यात्राः (Record no. 53954)
[ view plain ]
| 000 -LEADER | |
|---|---|
| fixed length control field | 01299nam a22002777a 4500 |
| 005 - DATE AND TIME OF LATEST TRANSACTION | |
| control field | 20101206113148.0 |
| 008 - FIXED-LENGTH DATA ELEMENTS--GENERAL INFORMATION | |
| fixed length control field | 101206t xxu||||| |||| 00| 0 hin d |
| 010 ## - LCCN (DPL NO) | |
| LC control number | HIN-93236 |
| 020 ## - INTERNATIONAL STANDARD BOOK NUMBER | |
| Terms of availability | 300.00 |
| International Standard Book Number | 8188913251 |
| 035 ## - SYSTEM CONTROL NUMBER | |
| System control number | HN-65582 |
| 037 ## - SOURCE OF ACQUISITION | |
| Source of stock number/acquisition | DBAD/PUB |
| 040 ## - CATALOGING SOURCE | |
| Original cataloging agency | DPL |
| Language of cataloging | HN |
| 082 ## - DEWEY DECIMAL CLASSIFICATION NUMBER | |
| Classification number | 230.91 |
| 100 ## - MAIN ENTRY--PERSONAL NAME | |
| 9 (RLIN) | 24598 |
| Personal name | दूबे, सावित्री |
| 245 ## - TITLE STATEMENT | |
| Title | चारधाम यात्राः |
| Statement of responsibility, etc | सावित्री दूबे |
| Remainder of title | बद्रीनाथ-धाम,रामेस्वरम, द्वारकाधीश दर्शन एवं जगन्नाथपुरी यात्रा का रोचक वर्णन / |
| 246 ## - VARYING FORM OF TITLE | |
| Title proper/short title | Chaar dhaam Yatra |
| Remainder of title | by Savitri Dubey |
| 260 ## - PUBLICATION, DISTRIBUTION, ETC. (IMPRINT) | |
| Place of publication, distribution, etc | दिल्ली |
| Name of publisher, distributor, etc | ग्रंथ सदन |
| Date of publication, distribution, etc | 2010 |
| 270 ## - ADDRESS | |
| City | दिल्ली |
| Address | 27/109-ए/3, ज्वाला नगर |
| Postal code | 110032 |
| 300 ## - PHYSICAL DESCRIPTION | |
| Extent | 184पृ. |
| Dimensions | 22सेमी (सजिल्द) |
| Other physical details | सचित्र |
| 650 ## - SUBJECT ADDED ENTRY--TOPICAL TERM | |
| 9 (RLIN) | 1169 |
| 650 ## - SUBJECT ADDED ENTRY--TOPICAL TERM | |
| 9 (RLIN) | 29580 |
| 700 ## - ADDED ENTRY--PERSONAL NAME | |
| 9 (RLIN) | 24599 |
| 700 ## - ADDED ENTRY--PERSONAL NAME | |
| 9 (RLIN) | 24924 |
| 942 ## - ADDED ENTRY ELEMENTS (KOHA) | |
| Source of classification or shelving scheme | Dewey Decimal Classification |
| Item type | Hindi Books |
| Call number suffix | दूबेसा |
| Classification part | 230.91 |
| Withdrawn status | Lost status | Source of classification or shelving scheme | Damaged status | Not for loan | Collection code | Home library | Current library | Date acquired | Source of acquisition | Cost, normal purchase price | Total Checkouts | Full call number | Barcode | Date last seen | Copy number | Cost, replacement price | Koha item type |
|---|---|---|---|---|---|---|---|---|---|---|---|---|---|---|---|---|---|
| Dewey Decimal Classification | Not For Loan | Non-fiction | D.B.Act.Division | D.B.Act.Division | 18/07/2011 | DBAD / PUB | 300.00 | 230.91 दूबेसा | HN-65582 | 18/07/2011 | 1 | 300.00 | Hindi Books |
